The competitive economic performance of London and the core cities (Record no. 105894)
[ view plain ]
| 000 -LEADER | |
|---|---|
| fixed length control field | 01157cam a2200337 4500 |
| 001 - CONTROL NUMBER | |
| control field | ##L135056 |
| 008 - FIXED-LENGTH DATA ELEMENTS--GENERAL INFORMATION | |
| fixed length control field | 060921n 000 0 eng u |
| 020 ## - INTERNATIONAL STANDARD BOOK NUMBER | |
| International Standard Book Number | 0863422101 |
| 035 ## - SYSTEM CONTROL NUMBER | |
| System control number | (Sirsi) u135056 |
| 041 0# - LANGUAGE CODE | |
| Language code of text/sound track or separate title | eng |
| 050 04 - LIBRARY OF CONGRESS CALL NUMBER | |
| Classification number | 332.41 $2 18 |
| 100 1# - MAIN ENTRY--PERSONAL NAME | |
| Personal name | Simmie, James |
| 245 04 - TITLE STATEMENT | |
| Title | The competitive economic performance of London and the core cities |
| 260 ## - PUBLICATION, DISTRIBUTION, ETC. | |
| Place of publication, distribution, etc. | Oxford |
| Name of publisher, distributor, etc. | Oxford Brookes University |
| Date of publication, distribution, etc. | [2006] |
| 300 ## - PHYSICAL DESCRIPTION | |
| Extent | iii, 83cm. |
| Dimensions | 30cm. |
| 350 ## - PRICE (NR) (BK AM CF MU VM SE) [OBSOLETE] | |
| Price | 12 |
| 490 #0 - SERIES STATEMENT | |
| Series statement | Working Paper |
| Volume/sequential designation | (196) |
| 520 ## - SUMMARY, ETC. | |
| Summary, etc. | Considers why, unlike the majority of European cities, the core cities in the UK (with the exception of London) lag behind their regions and the rest of the country in terms of economic performance. Examines the reasons behind this poor performance, and offers recommendations for improving the situation. |
| 590 ## - LOCAL NOTE (RLIN) | |
| Local note | IKA031006 |
| 651 #4 - SUBJECT ADDED ENTRY--GEOGRAPHIC NAME | |
| Geographic name | United Kingdom |
| Chronological subdivision | |
| 690 ## - LOCAL SUBJECT ADDED ENTRY--TOPICAL TERM (OCLC, RLIN) | |
| Topical term or geographic name as entry element | PROPERTY |
| 700 1# - ADDED ENTRY--PERSONAL NAME | |
| Personal name | Blake, Neil |
| 700 1# - ADDED ENTRY--PERSONAL NAME | |
| Personal name | Brownhill, Sue |
| 700 1# - ADDED ENTRY--PERSONAL NAME | |
| Personal name | Glasson, John |
| 700 1# - ADDED ENTRY--PERSONAL NAME | |
| Personal name | Holt, Richard |
| 700 1# - ADDED ENTRY--PERSONAL NAME | |
| Personal name | Marshall, Tim |
| 700 1# - ADDED ENTRY--PERSONAL NAME | |
| Personal name | Martin, Ron |
| 700 1# - ADDED ENTRY--PERSONAL NAME | |
| Personal name | Westwood, Andy |
| 700 1# - ADDED ENTRY--PERSONAL NAME | |
| Personal name | Wood, Peter |
| 942 ## - ADDED ENTRY ELEMENTS (KOHA) | |
| Suppress in OPAC | 0 |
| Withdrawn status | Lost status | Source of classification or shelving scheme | Damaged status | Not for loan | Home library | Current library | Shelving location | Date acquired | Cost, normal purchase price | Total Checkouts | Full call number | Barcode | Date last seen | Copy number | Cost, replacement price | Price effective from | Koha item type |
|---|---|---|---|---|---|---|---|---|---|---|---|---|---|---|---|---|---|
| Dewey Decimal Classification | London | London | Folio | 22/09/2006 | 12.00 | F332.41 SIM | 30073293 | 06/08/2019 | 1 | 12.00 | 06/08/2019 | Book |